Tribhuvan University Central Library

The quality optional mathematics: grade 10 (Record no. 94153)

MARC details
000 -LEADER
fixed length control field 00617nam a22002297a 4500
008 - FIXED-LENGTH DATA ELEMENTS--GENERAL INFORMATION
fixed length control field 200220b xxu||||| |||| 00| 0 eng d
020 ## - INTERNATIONAL STANDARD BOOK NUMBER
International Standard Book Number 9789937302678
041 ## - LANGUAGE CODE
Language code of text/sound track or separate title Eng.
082 ## - DEWEY DECIMAL CLASSIFICATION NUMBER
Classification number 510/B168q
100 ## - MAIN ENTRY--PERSONAL NAME
Personal name Bajracharya, Prakash Muni
245 ## - TITLE STATEMENT
Title The quality optional mathematics: grade 10
250 ## - EDITION STATEMENT
Edition statement 4th. ed.
260 ## - PUBLICATION, DISTRIBUTION, ETC.
Place of publication, distribution, etc. Kathmandu:
Name of publisher, distributor, etc. Buddha Publications,
Date of publication, distribution, etc. 2019
300 ## - PHYSICAL DESCRIPTION
Extent 362p., illus.
650 ## - SUBJECT ADDED ENTRY--TOPICAL TERM
Topical term or geographic name entry element Mathematics
650 ## - SUBJECT ADDED ENTRY--TOPICAL TERM
Topical term or geographic name entry element Algebra
650 ## - SUBJECT ADDED ENTRY--TOPICAL TERM
Topical term or geographic name entry element Matrix
700 ## - ADDED ENTRY--PERSONAL NAME
Personal name Poudel, Lekha Nath
700 ## - ADDED ENTRY--PERSONAL NAME
Personal name Upadhyaya, Hari Narayan
700 ## - ADDED ENTRY--PERSONAL NAME
Personal name Lamichhane, D.R.(Dhaka Ram)
942 ## - ADDED ENTRY ELEMENTS (KOHA)
Source of classification or shelving scheme Dewey Decimal Classification
Koha item type ISBN
Holdings
Withdrawn status Lost status Source of classification or shelving scheme Damaged status Not for loan Home library Current library Date acquired Total Checkouts Full call number Barcode Date last seen Price effective from Koha item type
    Dewey Decimal Classification     Tribhuvan University Central Library Tribhuvan University Central Library 02/20/2020   510/B167q IS17442 02/20/2020 02/20/2020 ISBN
    Dewey Decimal Classification     Tribhuvan University Central Library Tribhuvan University Central Library 01/28/2021   510/B168q IS17439 01/28/2021 01/28/2021 ISBN